Statistics for Born in Caracas

Click here to take the quiz!

General Stats

  • This quiz has been taken 6 times
  • The average score is 15 of 22

Answer Stats

HintAnswer% Correct
He led several countries to independence from the Spanish Empire, "El Libertador"1783Simón Bolívar
100%
Former first baseman and five times All-Star who played most notably for the Montreal Expos, Colorado Rockies and Atlanta Braves, nicknamed "The Big Cat"1961Andrés Galarraga
75%
Venezuelan-American fashion designer, known for dressing various First Ladies1939Carolina Herrera
75%
BMX rider and Olympic silver medalist1985Daniel Dhers
75%
Former footballer who played for Zenit Saint Petersburg, Dynamo Moscow and the national team of Portugal1983Danny
75%
Spanish-Venezuelan tennis player and winner of Wimbledon and the French Open1993Garbiñe Muguruza
75%
Shortstop and second baseman who plays for the New York Yankees1996Gleyber Torres
75%
Former point guard who played for the New Orleans Hornets, Toronto Raptors and Memphis Grizzlies1987Greivis Vásquez
75%
Venezuelan-American YouTuber with over 17 millions subscribers on YouTube as of December 20221996Lele Pons
75%
Opposition leader and national coordinator of "Voluntad Popular", he was imprisoned and later fled Venezuela1971Leopoldo López
75%
President of Venezuela since 20131962Nicolás Maduro
75%
Former shortstop and winner of eleven Gold Glove Awards who played for the Cleveland Indians, Seattle Mariners and San Francisco Giants, nicknamed "Little O"1967Omar Vizquel
75%
Footballer who played for Everton, West Brom, Newcastle, Zenit Saint Petersburg and top scorer of the Venezulan national team1989Salomón Rondón
75%
Athlete who holds the world record for women's triple jump, Olympic champion and three-time World Champion1995Yulimar Rojas
75%
Painter and considered one of the most important ones in Latin America, "Woman of the River" "Maja" "White Landscape"1889Armando Reverón
50%
Immunologost who shared the 1980 Nobel Prize in Physiology or Medicine for the the discovery of the major histocompatibility complex genes1920Baruj Benacerraf
50%
President of Venezuela from 1948 to 1950 as leader of a military junta1909Carlos Delgado Chalbaud
50%
Billionaire and chairman of Grupo Cisneros, one of the largest media and entertainment companies1945Gustavo Cisneros
50%
Billionaire and CEO of Empresas Polar, the largest privately held company in Venezuela.1965Lorenzo Mendoza
50%
American actress, best known for her roles as Maria DeLuca in "Roswell" and Andi in "Friends with Better Lives"1981Majandra Delfino
50%
Venezuelan-Swedish actor and singer, best known for his role as Simon Eriksson in "Young Royals"1998Omar Rudberg
50%
Chilean-British actor, "Star Trek: Picard" "Salvation" "Merlin" "Heroes"1978Santiago Cabrera
50%

Score Distribution

Percentile by Number Answered

Percent of People with Each Score

Your Score History

You have not taken this quiz